000
00326nam a2200133Ia 4500
005
20251222141830.0
008
251222s9999||||xx |||||||||||||| ||spa||
020
_a
968-24-6453-6
082
_a
657.45/G71
100
_a
Gonzáles Mondragón, Armando
245
0
_a
Auditoría Administrativa:
264
_b
Trillas
942
_c
LIB
999
_c
7096
_d
7096